2014 oil & gas exploration hotspots Jan 2014.
| Format: | Book |
|---|---|
| Published: |
London:
Business Monitor International,
2014.
|
| Subjects: |
| LEADER | 00406cam a2200133 7i4500 | ||
|---|---|---|---|
| 001 | 0000031532 | ||
| 005 | 20140811090000.0 | ||
| 090 | 0 | 0 | |a P 665.5 |b OIL |
| 245 | 0 | 0 | |a 2014 oil & gas exploration hotspots Jan 2014. |
| 260 | 0 | 0 | |a London: |b Business Monitor International, |c 2014. |
| 300 | # | # | |a 40 p. |
| 650 | 0 | 0 | |a Petroleum industry and trade |
| 650 | 0 | 0 | |a Gas industry |
| 999 | |a B000034532 |b Book |c Products |e Business Information Centre | ||